| 000 | 01350cam a2200277 i 4500 | ||
|---|---|---|---|
| 003 | SA-RiAUC | ||
| 005 | 20250708072143.0 | ||
| 008 | 250708q19001999le g 00000 ara c | ||
| 040 |
_aSA-RiAUC _bara _cSA-RiAUC _erda |
||
| 082 | 0 | 4 | _a259.5 |
| 090 |
_a259.5 _bا ب ن ت |
||
| 100 | 1 |
_aابن تيمية، أحمد بن عبد الحليم بن عبد السلام، _d661-728 هجري _eمؤلف. |
|
| 245 | 1 | 2 |
_aالاختيارات الفقهية من فتاوى شيخ الإسلام ابن تيمية / _cاختارها علاء الدين أبي الحسن علي بن محمد بن عباس البعلي الدمشقي ؛ تحقيق محمد حامد الفقي. |
| 264 | 1 |
_aبيروت : _bدار المعرفة للطباعة والنشر، _c[بين 1900 و1999] |
|
| 300 |
_a375 صفحة ؛ _c24 سم |
||
| 336 |
_aنص _btxt _2rdacontent _3كتاب |
||
| 337 |
_aبدون وسيط _bn _2rdamedia |
||
| 338 |
_aمجلد _bnc _2rdacarrier |
||
| 650 | 7 |
_aالفقه الحنبلي _2aucsh |
|
| 650 | 7 |
_aالفقه الإسلامي _2aucsh |
|
| 650 | 7 |
_aالفقه الإسلامي _2aucsh |
|
| 700 | 1 |
_aابن اللحام، علي بن محمد بن عباس، _dتوفي 803 هجري _eجامع. |
|
| 700 | 1 |
_aالفقي، محمد حامد، _d1892-1959 _eمحقق. |
|
| 942 |
_2ddc _cBOOK _n0 |
||
| 949 |
_aSA-JeALM _d250708 _umohamedma123 _n1 |
||
| 999 |
_c9609 _d9609 |
||